000 00422nam a22001817a 4500
003 MPLRDC
005 20220104114219.0
008 210129b ||||| |||| 00| 0 eng d
020 _a7-80040-144-8
082 _a782.886 CG
100 _a尹家民
245 _a风流大将军
_c
250 _a一版三刷
260 _a
_b昆仑出版社
_c1989
300 _b
650 _a陈赓传记
942 _cBK
_o782.886 CG
999 _c5722
_d5712